[Event "Berkeley Int Open"]
[Site "Berkeley USA"]
[Date "2011.01.03"]
[Round "4"]
[White "Bojkov,D"]
[Black "Almeida Saenz,A"]
[Result "1/2-1/2"]
[WhiteElo "2544"]
[BlackElo "2356"]

1.e4 c5 2.Nf3 d6 3.Bb5+ Bd7 4.Bxd7+ Qxd7 5.c4 Nf6 6.Nc3 Nc6 7.d4 cxd4 8.Nxd4 Qg4
9.Qxg4 Nxg4 10.Nxc6 bxc6 11.Bf4 g6 12.h3 Bh6 13.Bxh6 Nxh6 14.O-O-O f6 15.c5 O-O-O
16.cxd6 exd6 17.Rd4 Nf7 18.Kb1 Rd7 19.Rc1 Rc7 20.Nd1 Kd7 21.Ne3 Rb8 22.Rc2 a5
23.Nc4 Rb4 24.a3 Rb5 25.Rcd2 Ke7 26.Nxd6 Nxd6 27.Rxd6 Rg5 28.f4 Rxg2 29.Rxg2 Kxd6
30.Kc2 Rb7 31.b3 Rb5 32.Rd2+ Kc7 33.Kc3 Rh5 34.Rd3 Rh4 35.Rf3 Kd6 36.Kd3 Rh5
37.Kd4 Rc5 38.a4 Rc1 39.e5+ Ke6 40.exf6 c5+ 41.Kd3 Kxf6 42.Kd2 Rh1 43.Rc3 Rh2+
44.Kc1 Ke6 45.Rxc5 Rxh3 46.Kb2 Rh5 47.Rc7 Kd6 48.Ra7 Kc6 49.Ra6+ Kb7 50.Re6 Rc5
51.Re7+ Rc7 52.Re5 Kb6 53.Rb5+ Ka6 54.f5 Rc6 55.Re5 gxf5 56.Rxf5 h6 57.Rh5  1/2-1/2

[Event "Berkeley Int Open"]
[Site "Berkeley USA"]
[Date "2011.01.04"]
[Round "6"]
[White "Gaffagan,S"]
[Black "Gutman,J"]
[Result "1-0"]
[WhiteElo "1995"]
[BlackElo "2124"]

1.e4 c5 2.Nf3 d6 3.Bb5+ Bd7 4.a4 Nc6 5.O-O Nf6 6.Re1 g6 7.c3 Bg7 8.d4 cxd4
9.cxd4 O-O 10.Nc3 Bg4 11.Be3 d5 12.e5 Ne4 13.Bxc6 Nxc3 14.bxc3 bxc6 15.h3 Bf5
16.Nh4 Bc8 17.Bg5 Qc7 18.Qd2 Rb8 19.Nf3 Re8 20.Bh6 Rb3 21.Rac1 Qb6 22.Qg5 Qa5
23.Qh4 Qxa4 24.Ng5 Bh8 25.Re3 Qa3 26.Rce1 Rxc3 27.Nxh7 Rxe3 28.Bxe3 Qa5 29.Rc1 Qc7
30.Ng5 Bg7 31.Qh7+ Kf8 32.Ne6+ fxe6 33.Bh6 Rd8 34.Qh8+ Kf7 35.Qxg7+ Ke8 36.Bg5 Bb7
37.Qxg6+ Kd7 38.Bxe7  1-0

[Event "XXII Open"]
[Site "Villa De Roquetas ESP"]
[Date "2011.01.04"]
[Round "5"]
[White "Lopez Gonzalez,D"]
[Black "Corrales Jimenez,F"]
[Result "0-1"]
[WhiteElo "2207"]
[BlackElo "2591"]

1.e4 c5 2.Nf3 d6 3.Bb5+ Nd7 4.d4 cxd4 5.Qxd4 a6 6.Bxd7+ Bxd7 7.Nc3 e5 8.Qd3 h6
9.a4 Nf6 10.O-O Rc8 11.Re1 Qc7 12.Nd2 Be7 13.Nf1 O-O 14.Ne3 Be6 15.Bd2 Rfd8
16.b3 Qc5 17.Ned5 Nxd5 18.exd5 Bd7 19.Ne4 Qxc2 20.Qg3 Kh7 21.Ba5 Re8 22.Bb4 Qc7
23.a5 b5 24.f4 f5 25.fxe5 fxe4 26.e6 Bxe6 27.dxe6 d5 28.Qxc7 Rxc7 29.Bxe7 Rexe7
30.Rad1 Rxe6 31.Rxd5 Rc3 32.Rd7 Rxb3 33.Rb7 Ra3 34.Rb6 Rg6  0-1

[Event "Berkeley Int Open"]
[Site "Berkeley USA"]
[Date "2011.01.05"]
[Round "7"]
[White "Shivaji,S1"]
[Black "Kleinman,Michael"]
[Result "1/2-1/2"]
[WhiteElo "2303"]
[BlackElo "2127"]

1.e4 c5 2.Nf3 d6 3.Bb5+ Bd7 4.Bxd7+ Qxd7 5.c4 Nf6 6.Nc3 g6 7.O-O Bg7 8.h3 O-O
9.d3 Nc6 10.Be3 a6 11.Qd2 Rab8 12.a4 e6 13.Rad1 Rfc8 14.Rfe1 Ne8 15.Bh6 Nd4
16.Nxd4 cxd4 17.Ne2 e5 18.b3 b5 19.axb5 axb5 20.Bxg7 Nxg7 21.f4 f5 22.Ng3 Rf8
23.exf5 Nxf5 24.Nxf5 Rxf5 25.fxe5 dxe5 26.Rf1 bxc4 27.bxc4 Kg7 28.Rxf5 Qxf5
29.Rf1 Qe6 30.Qf2 Qe7 31.Qf3 Qg5 32.Qe4 Qg3 33.Re1 Rb3 34.Qxe5+  1/2-1/2

[Event "37th ch-IND w"]
[Site "Bhubaneswar IND"]
[Date "2011.01.05"]
[Round "11"]
[White "Saranya,J"]
[Black "Shweta,G"]
[Result "1/2-1/2"]
[WhiteElo "2123"]
[BlackElo "1906"]

1.e4 c5 2.Nf3 d6 3.Bb5+ Bd7 4.Bxd7+ Qxd7 5.O-O Nf6 6.e5 dxe5 7.Nxe5 Qc7 8.Re1 e6
9.Nc3 a6 10.d4 Bd6 11.Nf3 cxd4 12.Qxd4 Nc6 13.Qh4 h6 14.Be3 Ne7 15.Rad1 O-O
16.Nd2 Nf5 17.Qh3 Rad8 18.Nf1 Nxe3 19.Rxe3 Bc5 20.Red3 Qb6 21.R1d2 Rxd3 22.cxd3 Bb4
23.Qe3 Qa5 24.Rc2 Rc8 25.Qd4 e5 26.Qa7 Rc7 27.Nd2 Bxc3 28.Nb3 Qb5 29.Qb8+ Ne8
30.bxc3 Kh7 31.Qd8 Rd7 32.Qxe8 Qxd3 33.h3 Rd8 34.Qe7 Rd7 35.Qe8  1/2-1/2

[Event "Hastings Masters 2010-11"]
[Site "Hastings ENG"]
[Date "2011.01.05"]
[Round "9.29"]
[White "Spanton,T"]
[Black "Ramondino,R"]
[Result "0-1"]
[WhiteElo "2030"]
[BlackElo "2257"]

1.e4 c5 2.Nf3 d6 3.Bb5+ Nd7 4.d4 Nf6 5.Nc3 cxd4 6.Qxd4 a6 7.Bxd7+ Nxd7 8.O-O e6
9.Bg5 Qc7 10.Rfe1 Ne5 11.Nxe5 dxe5 12.Qd3 f6 13.Be3 Bd7 14.Rad1 Bc6 15.Qc4 Qf7
16.Bb6 Be7 17.Bc5 O-O 18.Bxe7 Qxe7 19.Rd2 Rfd8 20.Red1 Kf7 21.f3 Rxd2 22.Rxd2 Rd8
23.Qe2 Rd4 24.Qd1 Qb4 25.Rxd4 exd4 26.Ne2 Qxb2 27.Nxd4 Ba4 28.Nxe6 Kxe6 29.Qd5+ Ke7
30.Qc5+ Kd7 31.Qd5+ Kc7 32.Qc5+ Kb8  0-1

[Event "1st HDBank Cup"]
[Site "Ho Chi Minh City VIE"]
[Date "2011.01.05"]
[Round "4.4"]
[White "Wang Chen"]
[Black "Zhou Weiqi"]
[Result "0-1"]
[WhiteElo "2426"]
[BlackElo "2573"]

1.e4 c5 2.Nf3 d6 3.Bb5+ Nd7 4.O-O a6 5.Bxd7+ Bxd7 6.Re1 Nf6 7.e5 dxe5 8.Nxe5 Rc8
9.Qf3 Bc6 10.Nxc6 Rxc6 11.d3 g6 12.Nc3 Bg7 13.Bf4 O-O 14.Be5 Qd7 15.Re2 Rd8
16.Rae1 Qf5 17.Qxf5 gxf5 18.h3 Bf8 19.Nd1 Nd5 20.Ne3 f6 21.Nxd5 Rxd5 22.Bc3 c4
23.dxc4 Rxc4 24.Re6 Kf7 25.g3 h5 26.Kg2 Rd7 27.a3 h4 28.Kf3 Rdc7 29.R1e2 hxg3
30.fxg3 R7c6 31.Rxc6 Rxc6 32.Bb4 b6 33.g4 a5 34.Be1 Kg6 35.b4 e5 36.bxa5 bxa5
37.Bxa5 Bxa3 38.gxf5+ Kxf5 39.h4 Rc4 40.Be1 Bc1 41.Kg3 Bf4+ 42.Kh3 e4 43.h5 e3
44.Bg3 Bg5 45.Bd6 Ke4 46.Rg2 e2 47.Bg3 Rxc2 48.Be1 Be3 49.Rg4+ Kd3 50.Ra4 Rc1  0-1

[Event "Berkeley Int Open"]
[Site "Berkeley USA"]
[Date "2011.01.06"]
[Round "8"]
[White "Bojkov,D"]
[Black "Bykhovsky,An ISR"]
[Result "1/2-1/2"]
[WhiteElo "2544"]
[BlackElo "2510"]

1.e4 c5 2.Nf3 d6 3.Bb5+ Bd7 4.Bxd7+ Qxd7 5.c4 Nf6 6.Nc3 g6 7.d4 cxd4 8.Nxd4 Bg7
9.f3 O-O 10.Be3 Nc6 11.O-O e6 12.Qd2 Rfd8 13.Rad1 a6 14.Nde2 Ne5 15.b3 b5
16.Bb6 Rdb8 17.Bd4 Nc6 18.Bxf6 Bxf6 19.Qxd6 Qxd6 20.Rxd6 Nb4 21.f4 bxc4 22.bxc4 Rc8
23.Na4 Ra7 24.Nb6 Rcc7 25.e5 Be7 26.Nc3 Rab7 27.Rb1 Rxb6 28.Rxb6 Bc5+ 29.Kf1 Bxb6
30.Rxb4 Ba5 31.Rb8+ Kg7 32.Ne2 Rxc4 33.Ra8 Bd2 34.Rxa6 Bxf4 35.Nxf4 Rxf4+
36.Kg1 g5 37.h3 h5 38.g3 Re4 39.Ra5 Re2 40.Kf1 Rc2 41.a4 Kg6 42.Rb5 Ra2 43.a5 g4
44.hxg4 hxg4 45.Kg1 Kf5 46.Rb7 Rxa5 47.Rxf7+ Kg5 48.Rg7+ Kh5 49.Rg8 Rxe5
50.Rh8+ Kg5 51.Rg8+ Kf5 52.Rf8+ Ke4 53.Rf4+ Ke3 54.Rxg4 Kf3 55.Rg8 Re2 56.Kf1 Re4
57.Rg6 e5 58.g4 Ra4 59.Rf6+ Kxg4 60.Ke2  1/2-1/2

[Event "Australian Open"]
[Site "Cammeray AUS"]
[Date "2011.01.06"]
[Round "5.9"]
[White "Papantoniou,J"]
[Black "Morris,Mi2"]
[Result "1/2-1/2"]
[WhiteElo "2023"]
[BlackElo "2112"]

1.e4 c5 2.Nf3 d6 3.Bb5+ Bd7 4.Bxd7+ Qxd7 5.c4 Nc6 6.d3 g6 7.O-O Bg7 8.Nc3 Nf6
9.h3 O-O 10.Be3 Rac8 11.Qd2 a6 12.Rac1 e6 13.Bh6 Rfd8 14.Bxg7 Kxg7 15.Rfd1 Qc7
16.Qe3 Qa5 17.d4 cxd4 18.Nxd4 Nxd4 19.Qxd4 e5 20.Qd3 Rc6 21.b3 Rdc8 22.Ne2 b5
23.cxb5 axb5 24.Rxc6 Rxc6 25.Ng3 h5 26.Qe3 Nh7 27.Qd2 Qb6 28.Kh2 h4 29.Nf1 Nf6
30.f3 Nh5 31.Ne3 Qa6 32.Nd5 Rc5 33.Nb4 Qa3 34.Nd3 Rc6 35.Nb4 Rc5 36.Nd3  1/2-1/2

[Event "1st HDBank Cup"]
[Site "Ho Chi Minh City VIE"]
[Date "2011.01.06"]
[Round "5.8"]
[White "Wang Chen"]
[Black "Dao Thien Hai"]
[Result "1-0"]
[WhiteElo "2426"]
[BlackElo "2512"]

1.e4 c5 2.Nf3 d6 3.Bb5+ Bd7 4.Bxd7+ Qxd7 5.O-O Nf6 6.e5 dxe5 7.Nxe5 Qc7 8.d4 e6
9.Bf4 Bd6 10.Na3 Bxe5 11.Bxe5 Qc6 12.Bxf6 gxf6 13.d5 Qxd5 14.Qxd5 exd5 15.Rfd1 d4
16.Nb5 Kd7 17.c3 Kc6 18.a4 Na6 19.cxd4 Rhd8 20.Rac1 b6 21.g3 Nb4 22.dxc5 bxc5
23.Nxa7+ Kb6 24.Rxd8 Rxd8 25.Nb5 Nd3 26.Rc2 Ka5 27.Rc4 Re8 28.Nd6 Re1+ 29.Kg2 f5
30.Rc3 Rd1 31.Nxf5 Kxa4 32.Kf3 Rd2 33.Ke3 Rxf2 34.Rc4+ Kb3 35.Rxc5 Nxc5 36.Kxf2 Kxb2
37.Ke3 Kc3 38.Nd6 f5 39.Nxf5 Kc4 40.Ne7 Nd7 41.Ke4 Nc5+ 42.Kf5 Kd4 43.Ng8 Ke3
44.Nf6 Kf3 45.Nxh7 Kg2 46.g4 Kxh2 47.g5 Nb7 48.Ke5 Nd8 49.g6  1-0

[Event "1st HDBank Cup"]
[Site "Ho Chi Minh City VIE"]
[Date "2011.01.07"]
[Round "7.25"]
[White "Tran Quoc Dung"]
[Black "Kongsee,U"]
[Result "0-1"]
[WhiteElo "2310"]
[BlackElo "2264"]

1.e4 c5 2.Nf3 d6 3.Bb5+ Bd7 4.Bxd7+ Qxd7 5.O-O Nc6 6.d4 cxd4 7.Nxd4 Nf6 8.Re1 g6
9.c4 Bg7 10.Nc3 O-O 11.Nxc6 Qxc6 12.Nd5 Rfe8 13.Qd3 Rac8 14.b3 Nxd5 15.exd5 Qa6
16.Rb1 Qxa2 17.Be3 Qa5 18.h4 Qc3 19.Qe4 a6 20.Bb6 Qb4 21.Qe3 e6 22.h5 Bc3
23.Re2 exd5 24.Qxe8+ Rxe8 25.Rxe8+ Kg7 26.h6+ Kxh6 27.Be3+ Kg7 28.cxd5 Qb5
29.Rc8 Bf6 30.Rcc1 Qxd5 31.Rd1 Qc6 32.Rbc1 Qb5 33.Rxd6 Qxb3 34.Rb6 Qd5 35.Rcb1 a5
36.Rxb7 a4 37.Ra7 Qa2 38.Rbb7 a3 39.Bc1 Bd4 40.Rxf7+ Kg8 41.Bh6 Qb1+ 42.Kh2 Qb8+
43.Bf4 Bxa7  0-1

[Event "1st HDBank Cup"]
[Site "Ho Chi Minh City VIE"]
[Date "2011.01.07"]
[Round "7.14"]
[White "Wang Chen"]
[Black "Pham Chuong"]
[Result "1-0"]
[WhiteElo "2426"]
[BlackElo "2376"]

1.e4 c5 2.Nf3 d6 3.Bb5+ Bd7 4.Bxd7+ Qxd7 5.O-O Nc6 6.c3 Nf6 7.d4 e5 8.Re1 Be7
9.Bg5 Qc7 10.Nbd2 O-O 11.Nf1 h6 12.Bxf6 Bxf6 13.dxc5 dxc5 14.Ne3 Bg5 15.Nd5 Qd6
16.Qb3 b6 17.Rad1 Qg6 18.Qc4 Rac8 19.a3 Qe6 20.b4 cxb4 21.axb4 Rfd8 22.Qa6 Ne7
23.c4 Nxd5 24.exd5 Qd6 25.Nxe5 Bf6 26.Nd3 Bc3 27.Re4 Bxb4 28.h3 Rc7 29.Qa1 a5
30.Qb2 Ba3 31.Qb3 Bc5 32.Rde1 Ra8 33.Nxc5 f5 34.Re8+ Rxe8 35.Rxe8+ Kf7 36.Qe3 Rxc5
37.Re6 Qd7 38.Qf4 Kg8 39.Rxb6 a4 40.Ra6 Rc8 41.Qd4 Rc7 42.c5 Qb5 43.Ra8+ Kh7
44.d6 Rb7 45.Qd5 Qb1+ 46.Kh2 Rb4 47.d7  1-0

[Event "10th Open"]
[Site "Prague CZE"]
[Date "2011.01.07"]
[Round "1"]
[White "Hosticka,F"]
[Black "Chirila,I"]
[Result "0-1"]
[WhiteElo "2203"]
[BlackElo "2493"]

1.e4 c5 2.Nf3 d6 3.Bb5+ Nc6 4.O-O Bd7 5.c3 Nf6 6.Re1 a6 7.Bf1 Bg4 8.h3 Bh5
9.d4 Bxf3 10.gxf3 e5 11.d5 Nb8 12.f4 Nbd7 13.fxe5 dxe5 14.c4 Bd6 15.Nc3 O-O
16.Bd3 Ne8 17.Qh5 g6 18.Qh6 Ng7 19.Be3 Be7 20.f4 f5 21.Rf1 fxe4 22.Bxe4 Nf5
23.Bxf5 Rxf5 24.fxe5 Bf8 25.e6 Bxh6 26.Bxh6 Qh4 27.Rxf5 gxf5 28.exd7 Qxh6
29.Re1 Qg7+ 30.Kf2 Qxd7 31.Ne2 f4 32.Rg1+ Kh8 33.Nxf4 Rf8 34.Ke3 Qf5 35.Rg4 Qe5+
36.Kf3 h5 37.Rh4 Qg5 38.Ke3 Kg8  0-1

[Event "TCh-NED Meesterklasse 2010-11"]
[Site "Netherlands NED"]
[Date "2011.01.08"]
[Round "5.5"]
[White "Martens,M"]
[Black "Burg,T"]
[Result "1/2-1/2"]
[WhiteElo "2431"]
[BlackElo "2455"]

1.e4 c5 2.Nf3 d6 3.Bb5+ Bd7 4.Bxd7+ Qxd7 5.c4 Nf6 6.Nc3 g6 7.O-O Bg7 8.Rb1 O-O
9.b4 cxb4 10.Rxb4 Nc6 11.Rb1 e6 12.Re1 d5 13.Ba3 Rfd8 14.exd5 exd5 15.c5 d4
16.Nb5 Ne8 17.Qb3 a6 18.Nd6 b5 19.Qd5 Nc7 20.Qe4 Rf8 21.h4 Rab8 22.h5 b4
23.Bb2 Ne6 24.Rbc1 b3 25.hxg6 hxg6 26.a3 Bf6 27.Nh2 Nc7 28.Nf3 Nb5 29.Qf4 Bg7
30.Ne4 f5 31.Neg5 Rfe8 32.a4 Rxe1+ 33.Nxe1 Be5 34.Qh4 Nc7 35.Nd3 Bf6 36.Re1 Re8
37.Rxe8+ Nxe8 38.Qg3 Qe7 39.Nf3 Qf7 40.Nf4 d3 41.Nxd3 Bxb2 42.Nxb2 Kg7 43.Qf4 Nf6
44.Qe3 Ne4 45.d3 Qf6 46.d4 Nxc5 47.Nc4 Ne4 48.Qxb3 Nxd4 49.Qb7+ Kh6 50.Qc7 Nxf3+
51.gxf3 Qg5+ 52.Kf1 Qc1+ 53.Kg2 Qg5+ 54.Kf1 Qc1+ 55.Kg2 Nf6 56.Qe5 Qg5+ 57.Kf1 Qc1+
58.Kg2 Qg5+ 59.Kf1 Qc1+  1/2-1/2

[Event "36th Open"]
[Site "Seville ESP"]
[Date "2011.01.08"]
[Round "2"]
[White "Guerreiro,N"]
[Black "Das,Arg"]
[Result "0-1"]
[WhiteElo "2064"]
[BlackElo "2479"]

1.e4 c5 2.Nf3 d6 3.Bb5+ Nd7 4.O-O Nf6 5.Re1 a6 6.Bf1 b6 7.b3 Bb7 8.d3 g6
9.Bb2 Bg7 10.Nbd2 O-O 11.c3 Ne5 12.Nh4 Nc6 13.d4 cxd4 14.cxd4 Rc8 15.Rc1 d5
16.e5 Ne4 17.f3 Nxd2 18.Qxd2 e6 19.g3 f6 20.f4 fxe5 21.fxe5 Qe7 22.Bd3 a5
23.a3 Rf7 24.Rf1 Rcf8 25.Rxf7 Rxf7 26.Bb1 Qf8 27.Qd3 Bh6 28.Re1 Nb8 29.Nxg6 hxg6
30.Qxg6+ Kh8 31.Re2 Ba6 32.Rf2 Be3 33.Qh5+ Kg8 34.Qg6+ Qg7 35.Qxe6 Bxf2+
36.Kg2 Be3 37.Bg6 Nd7 38.Bxf7+ Qxf7 39.Qxf7+ Kxf7 40.Kf3 Bd2 41.h4 Nf8 42.g4 Ne6
43.Ba1 Bd3 44.Bb2 b5 45.Ba1 b4  0-1

[Event "118th ch-NZL 2011"]
[Site "Auckland NZL"]
[Date "2011.01.09"]
[Round "8.5"]
[White "Milligan,H"]
[Black "Smith,Ro"]
[Result "0-1"]
[WhiteElo "2048"]
[BlackElo "2287"]

1.e4 c5 2.Nf3 d6 3.Bb5+ Nd7 4.d4 Nf6 5.Nc3 cxd4 6.Qxd4 e5 7.Qd3 h6 8.O-O Be7
9.Be3 O-O 10.Rfd1 Qc7 11.h3 Nc5 12.Bxc5 Qxc5 13.Bc4 Be6 14.Bb3 a6 15.Rd2 Rac8
16.Rc1 Bc4 17.Bxc4 Qxc4 18.Nd5 Nxd5 19.Qxd5 Rc6 20.c3 Rfc8 21.Re1 b5 22.a3 a5
23.Qxc4 bxc4 24.Rd5 Rb8 25.Re2 Bd8 26.Red2 Bc7 27.Rc2 a4 28.Nd2 Kf8 29.Nf1 Bb6
30.Ne3 Bxe3 31.fxe3 Ra6 32.Kf1 Ke7 33.Ke1 Rab6 34.Rdd2 Ke6 35.Rf2 R8b7 36.Rcd2 Rb5
37.Kd1 d5 38.Kc1 Rd7 39.g4 f6 40.h4 Rd6 41.g5 hxg5 42.hxg5 fxg5 43.Rf8 dxe4
44.Rg2 Rbd5 45.Rc8 Kf5 46.Rxc4 Ra5 47.Rc7 Rg6 48.c4 g4 49.Kd1 g3 50.Ke1 Kg4
51.Kf1 Kf3 52.Rf7+ Kxe3 53.Re2+ Kd3 54.Rd7+ Kxc4 55.Rxe4+ Kb3 56.Re3+ Ka2
57.Kg2 Rb5 58.Rd2 Rxb2 59.Rxb2+ Kxb2 60.Rxe5 Kxa3 61.Rb5 Rg4 62.Rb7 Rb4 63.Rxg7 Kb2
64.Rxg3 a3 65.Rf3 a2 66.Rf2+ Ka3  0-1

[Event "1st HDBank Cup"]
[Site "Ho Chi Minh City VIE"]
[Date "2011.01.09"]
[Round "9.8"]
[White "Wang Chen"]
[Black "Barbosa,O PHI"]
[Result "0-1"]
[WhiteElo "2426"]
[BlackElo "2461"]

1.e4 c5 2.Nf3 d6 3.Bb5+ Bd7 4.Bxd7+ Qxd7 5.O-O g6 6.c3 Nf6 7.Re1 Nc6 8.d4 cxd4
9.cxd4 d5 10.e5 Ne4 11.Nc3 Nxc3 12.bxc3 Bg7 13.Qd3 Nd8 14.Ng5 Rc8 15.Bd2 Qf5
16.Qb5+ Qd7 17.a4 Rc6 18.Rab1 O-O 19.c4 dxc4 20.d5 Rc7 21.Bb4 a6 22.Qxd7 Rxd7
23.Rbd1 Re8 24.Ne4 b6 25.f4 Nb7 26.Nc3 Rc8 27.Rb1 e6 28.Red1 Rcd8 29.d6 f6
30.exf6 Bxf6 31.Ne4 Bg7 32.Rbc1 Rc8 33.Bc3 Bxc3 34.Rxc3 Kg7 35.Rd4 b5 36.axb5 axb5
37.Rc1 Nc5 38.Nxc5 Rxc5 39.Rb1 Kf6 40.Kf2 e5 41.fxe5+ Kxe5 42.Rd2 Ke6 43.Re1+ Re5
44.Rxe5+ Kxe5 45.Rb2 Kxd6 46.Rxb5  0-1

[Event "9th Parsvnath Open"]
[Site "New Delhi IND"]
[Date "2011.01.10"]
[Round "4"]
[White "Majumdar,C"]
[Black "Oleksienko,M"]
[Result "0-1"]
[WhiteElo "2134"]
[BlackElo "2552"]

1.e4 c5 2.Nf3 d6 3.Bb5+ Nd7 4.O-O Nf6 5.Re1 a6 6.Bxd7+ Nxd7 7.d4 cxd4 8.Qxd4 Qb6
9.Be3 Qxd4 10.Bxd4 f6 11.Nc3 e6 12.a4 Be7 13.a5 Bd8 14.Nd2 b5 15.axb6 Bxb6
16.Nb5 Ke7 17.Nc4 Bxd4 18.Nxd4 Ne5 19.Na5 g5 20.Ra2 Bd7 21.Re3 h5 22.Rc3 Rhc8
23.Raa3 Rab8 24.Rxc8 Rxc8 25.f3 Ng6 26.c4 Ne5 27.Rc3 g4 28.f4 Ng6 29.g3 e5
30.Nf5+ Bxf5 31.exf5 Nf8 32.Rb3 exf4 33.Rb7+ Ke8 34.gxf4 Rc5 35.b4 Rxf5 36.Rb6 Ne6
37.Nb7 Rxf4 38.Nxd6+ Kd7 39.Rxa6 Ng5 40.Kg2 Nh3 41.Nb7 h4 42.Nc5+ Ke7 43.Ra7+ Ke8
44.Nd3 Rd4 45.b5 Rxd3 46.b6 Rd1  0-1

[Event "118th ch-NZL 2011"]
[Site "Auckland NZL"]
[Date "2011.01.11"]
[Round "10.3"]
[White "Shen,D"]
[Black "Mc Laren,L"]
[Result "1/2-1/2"]
[WhiteElo "2187"]
[BlackElo "2207"]

1.e4 c5 2.Nf3 d6 3.Bb5+ Nd7 4.d4 Nf6 5.Nc3 a6 6.Bxd7+ Nxd7 7.dxc5 Nxc5 8.O-O e6
9.Bg5 Qc7 10.Re1 f6 11.Be3 Nd7 12.Nd2 b5 13.a3 Bb7 14.f4 g6 15.Nf3 Kf7 16.Nd4 Rg8
17.Qg4 Re8 18.Qh3 e5 19.Nf3 Kg7 20.Rad1 Nb6 21.Kh1 Kh8 22.fxe5 dxe5 23.a4 Bc8
24.Qh4 g5 25.Qf2 Nxa4 26.Nd5 Qc6 27.c3 Nc5 28.Nb4 Qc7  1/2-1/2

[Event "9th Parsvnath Open"]
[Site "New Delhi IND"]
[Date "2011.01.11"]
[Round "6"]
[White "Ni Hua"]
[Black "Deepak,Ka"]
[Result "1-0"]
[WhiteElo "2645"]
[BlackElo "2170"]

1.e4 c5 2.Nf3 d6 3.Bb5+ Bd7 4.Bxd7+ Qxd7 5.c4 Nc6 6.Nc3 Nf6 7.d4 cxd4 8.Nxd4 g6
9.f3 Bg7 10.Be3 O-O 11.O-O Rfd8 12.Rc1 Rac8 13.b3 e6 14.Nxc6 bxc6 15.Qe2 Qb7
16.Bg5 h6 17.Bh4 e5 18.Rfd1 g5 19.Bf2 d5 20.cxd5 cxd5 21.Nxd5 Rxc1 22.Nxf6+ Bxf6
23.Rxc1 Rd7 24.Rd1 Bd8 25.Rxd7 Qxd7 26.h3 Bb6 27.Bxb6 axb6 28.a4 Kg7 29.Qe3 Qd6
30.Qc3 f6 31.Kh2 Kg6 32.b4 h5 33.b5 h4 34.Qe3 Kg7 35.Qc1 Kg6 36.Qc3 Kg7 37.Qb2 Kg6
38.Qa2 Qb8 39.a5 bxa5 40.Qxa5 Qc8 41.Qa3 Qc7 42.Qe3 Qc4 43.Qb6 Qc1 44.Qg1 Qb2
45.Qc5 Qb1 46.b6 Qe1 47.Qg1 Qb4 48.Qf2 Kh5 49.g3 hxg3+ 50.Kxg3 Qb5 51.Kh2 Qb4
52.h4 gxh4 53.Kh3 Kg6 54.Kxh4 Kf7 55.Kh5 Qb5 56.Qa2+ Ke7 57.Qa7+ Ke6 58.Kg6 Qe8+
59.Kg7 Qh5 60.Qa2+ Ke7 61.Qa3+ Ke6 62.Qb3+ Ke7 63.Qb4+ Ke6 64.Qc4+ Ke7 65.Qc7+ Ke6
66.Qc6+  1-0

[Event "10th Praha Open A"]
[Site "Prague CZE"]
[Date "2011.01.11"]
[Round "5"]
[White "Simacek,Pavel"]
[Black "Aranovitch,Emiliano"]
[Result "1/2-1/2"]
[WhiteElo "2469"]
[BlackElo "2319"]

1.e4 c5 2.Nf3 d6 3.Bb5+ Bd7 4.c4 Nc6 5.d4 cxd4 6.Nxd4 Nf6 7.Nc3 g6 8.O-O Nxd4
9.Bxd7+ Qxd7 10.Qxd4 Bg7 11.Bg5 O-O 12.Rad1 Qc6 13.b3 Rfe8 14.Rfe1 Nxe4 15.Qxe4 Bxc3
16.Qxc6 bxc6 17.Rxe7 Rxe7 18.Bxe7 Bb4 19.Kf1 a5 20.Rd3 f5 21.Bg5 a4 22.Bd2 axb3
23.axb3 Bxd2 24.Rxd2 Rd8 25.Ke2 Kf7 26.Kd3 Ra8 27.Kc3 Ke6 28.Kb2 c5 29.Re2+ Kd7
30.f4 Rf8 31.Re3 Rg8 32.Rh3 Rg7 33.Re3 Rg8 34.Kc3 Rf8 35.Re1 Ra8 36.Kb2 Ra7
37.h4 h5 38.Re3 Ra8 39.Rg3 Rg8 40.Kc3 Ke6 41.b4 cxb4+ 42.Kxb4 Rb8+ 43.Kc3 Kf6
44.Rd3 Ke6 45.Re3+ Kf6 46.Rd3 Ke6 47.Re3+ Kf6 48.Re1 Ra8 49.Kb4 Ra2 50.g3 Rb2+
51.Ka4 Rb8 52.Re3 Kf7 53.Ka5 Rb1 54.Ka4 Rb8 55.Rb3 Ra8+ 56.Kb5 Rb8+ 57.Ka4 Ra8+
58.Kb4 Ke6 59.Kc3 Ra1 60.Kd4 Rd1+  1/2-1/2

[Event "Magic Valley IM"]
[Site "Rodatychi UKR"]
[Date "2011.01.12"]
[Round "4"]
[White "Meleshko,V"]
[Black "Vetoshko,V"]
[Result "1/2-1/2"]
[WhiteElo "2271"]
[BlackElo "2181"]

1.e4 c5 2.Nf3 d6 3.Bb5+ Nd7 4.d4 Nf6 5.Nc3 cxd4 6.Qxd4 e5 7.Qd3 Be7 8.Bg5 a6
9.Bxd7+ Bxd7 10.O-O-O Qa5 11.Bxf6 gxf6 12.Nd5 Bd8 13.a3 Rc8 14.Nd2 Bb5 15.Qh3 Bd7
16.Qf3 Qc5 17.c3 Rg8 18.Nxf6+ Bxf6 19.Qxf6 Ba4 20.Rde1 b5 21.Re3 a5 22.Rf3 Rc7
23.Nf1 b4 24.axb4 Qc4 25.Qxd6 Qb3 26.Qxe5+ Kf8 27.Ne3 Rc8 28.Rd1 axb4 29.Qd6+ Ke8
30.Rf5 Rg6 31.Qe5+ Kf8 32.Qh8+ Rg8 33.Qxh7 bxc3 34.Qh6+ Rg7 35.Qh8+ Rg8 36.Qh6+ Rg7
37.Qh8+ Rg8  1/2-1/2

[Event "10th Praha Open A"]
[Site "Prague CZE"]
[Date "2011.01.14"]
[Round "9"]
[White "Kislinsky,A"]
[Black "Smith,Bry"]
[Result "1/2-1/2"]
[WhiteElo "2485"]
[BlackElo "2458"]

1.e4 c5 2.Nf3 d6 3.Bb5+ Nd7 4.O-O Nf6 5.Re1 a6 6.Bxd7+ Nxd7 7.c3 e6 8.d4 Be7
9.Nbd2 O-O 10.e5 cxd4 11.exd6 Bxd6 12.Ne4 Be7 13.Nxd4 Nc5 14.Qf3 Qd5 15.Nxc5 Qxf3
16.Nxf3 Bxc5 17.Be3 Bxe3 18.fxe3 Rd8 19.Rad1 Bd7 20.Rd4 Kf8 21.Red1 Ke7 22.c4 f6
23.Kf2 e5 24.Rd6 Bc6 25.Rxd8 Rxd8 26.Rxd8 Kxd8 27.b4 Ke7 28.Nd2 f5 29.Nb1 g5
30.Ke1  1/2-1/2

[Event "9th Parsvnath Open"]
[Site "New Delhi IND"]
[Date "2011.01.15"]
[Round "10"]
[White "Ni Hua"]
[Black "Dzhumaev,M"]
[Result "1-0"]
[WhiteElo "2645"]
[BlackElo "2493"]

1.e4 c5 2.Nf3 d6 3.Bb5+ Nd7 4.d4 cxd4 5.Qxd4 e5 6.Qd3 a6 7.Bxd7+ Bxd7 8.c4 f5
9.Nc3 Nf6 10.exf5 Be7 11.Bg5 O-O 12.Bxf6 Rxf6 13.g4 Rf7 14.O-O-O b5 15.c5 b4
16.Ne4 Bb5 17.Qb3 Qc7 18.g5 Bc6 19.Rhe1 d5 20.Rxd5 Bxd5 21.Qxd5 Rd8 22.Qc4 Kf8
23.g6 hxg6 24.Nfg5 Bxg5+ 25.Nxg5 Re8 26.Qxf7+ Qxf7 27.Nxf7 Kxf7 28.fxg6+ Kxg6
29.Kc2 Rf8 30.Rxe5 Rxf2+ 31.Kb3 Kf6 32.Re4 Rxh2 33.c6 Rh5 34.c7 Rh8 35.Rc4 Rc8
36.Kxb4  1-0

[Event "TCh-SWE Elitserien 2010-11"]
[Site "Sweden SWE"]
[Date "2011.01.15"]
[Round "6"]
[White "Backelin,R"]
[Black "Barkhagen,J"]
[Result "1/2-1/2"]
[WhiteElo "2350"]
[BlackElo "2443"]

1.e4 c5 2.Nf3 d6 3.Bb5+ Bd7 4.Bxd7+ Qxd7 5.c4 g6 6.Nc3 Bg7 7.d4 cxd4 8.Nxd4 Nc6
9.Be3 Nf6 10.f3 Rc8 11.Rc1 O-O  1/2-1/2

[Event "73rd Tata Steel GMB"]
[Site "Wijk aan Zee NED"]
[Date "2011.01.15"]
[Round "1"]
[White "McShane,L"]
[Black "Spoelman,W"]
[Result "1-0"]
[WhiteElo "2664"]
[BlackElo "2547"]

1.e4 c5 2.Nf3 d6 3.Bb5+ Nc6 4.O-O Bd7 5.Re1 Nf6 6.h3 a6 7.Bf1 e5 8.c3 Be7
9.d4 O-O 10.d5 Na7 11.Nxe5 dxe5 12.d6 Bc6 13.dxe7 Qxe7 14.Nd2 Nb5 15.Qc2 Nd6
16.b3 b6 17.Bd3 Rfd8 18.Nf1 h6 19.Ng3 a5 20.Qe2 Qd7 21.Qf3 Nh7 22.Bc2 Ng5
23.Qh5 f6 24.f4 exf4 25.Bxf4 Qf7 26.e5 fxe5 27.Bxe5 Nc4 28.Qxf7+ Nxf7 29.Bf4 Ncd6
30.Re6 Bd5 31.Rg6 b5 32.Re1 a4 33.Nh5 Ne8 34.Rxe8+ Rxe8 35.Nf6+ Kh8 36.Nxd5 Re2
37.Bd3 Rxa2 38.bxa4 Ra1+ 39.Kf2 bxa4 40.Nc7 Rd8 41.Bc4 a3 42.Ra6 g5 43.Bxf7 gxf4
44.Ne8 Kh7 45.Bg6+ Kg8 46.Ra7 Rd2+ 47.Kf3 Rf1+ 48.Ke4 Re1+ 49.Kf5 Rd5+ 50.Kf6 Rd8
51.Bf7+ Kh8 52.Nc7 f3 53.gxf3 Re3 54.f4 Rxc3 55.f5 Rb8 56.h4 c4 57.Nb5 Rb6+
58.Be6 Rg3 59.Ra8+ Kh7 60.Ra7+ Kh8 61.Nxa3 c3 62.Rc7 Ra6 63.Rc8+ Kh7 64.Rc7+ Kh8
65.Nc4 Ra8 66.Ne5 Rf8+ 67.Ke7 Ra8 68.Ng6+ Kg7 69.Kd6+  1-0

[Event "9th Parsvnath Open"]
[Site "New Delhi IND"]
[Date "2011.01.16"]
[Round "11"]
[White "Kuzubov,Y"]
[Black "Areshchenko,A"]
[Result "1/2-1/2"]
[WhiteElo "2624"]
[BlackElo "2671"]

1.e4 c5 2.Nf3 d6 3.Bb5+ Bd7 4.c4 Nc6 5.Nc3 Nf6 6.O-O e6 7.Re1 Be7 8.d3 O-O
9.Bf4 a6 10.Ba4 e5 11.Bd2 h6 12.a3 Rb8 13.Rb1 Bg4 14.Bxc6 bxc6 15.h3 Be6
16.Qa4 Qc8 17.b4 Nd7 18.Be3 cxb4  1/2-1/2

[Event "ch-BLR w"]
[Site "Minsk BLR"]
[Date "2011.01.17"]
[Round "2.2"]
[White "Bogdan,Ek"]
[Black "Kusenkova,Natal"]
[Result "0-1"]
[WhiteElo "1991"]
[BlackElo "2026"]

1.e4 c5 2.Nf3 d6 3.Bb5+ Bd7 4.Bxd7+ Qxd7 5.c4 Nc6 6.Nc3 e5 7.O-O g6 8.Ne1 Bg7
9.Nc2 Nge7 10.Rb1 O-O 11.a3 f5 12.d3 Nd4 13.b4 fxe4 14.dxe4 cxb4 15.axb4 Nxc2
16.Qxc2 Rfc8 17.Qd3 Qc6 18.Nd5 Nxd5 19.cxd5 Qd7 20.Be3 Bf6 21.Rfc1 a6 22.g3 Bd8
23.Kg2 Rxc1 24.Rxc1 Rc8 25.Qd2 Rxc1 26.Qxc1 Qc7 27.f4 exf4 28.gxf4 Qd7 29.Qd1 Bf6
30.Kg3 Qb5 31.Bd4 Bd8 32.Bc3 h5 33.e5 h4+ 34.Kf3 Qc4 35.Ba1 dxe5 36.fxe5 Bg5
37.d6 Qf4+ 38.Kg2 Qe4+ 39.Kh3 Qe3+ 40.Kg2 Qe4+ 41.Kf2 Qe3+ 42.Kf1 Qf4+ 43.Kg2 Qe4+
44.Kh3 Qf5+ 45.Qg4 Qf1+ 46.Qg2 Qd3+  0-1

[Event "3rd Chennai Open"]
[Site "Chennai IND"]
[Date "2011.01.18"]
[Round "1"]
[White "Thakur,Ak"]
[Black "Adhiban,B"]
[Result "0-1"]
[WhiteElo "2344"]
[BlackElo "2530"]

1.e4 c5 2.Nf3 d6 3.Bb5+ Nc6 4.O-O Bd7 5.Re1 Nf6 6.c3 a6 7.Ba4 b5 8.Bc2 e5
9.h3 Qc7 10.d3 Rc8 11.Nbd2 g6 12.Nf1 Bg7 13.Be3 O-O 14.Rc1 Nh5 15.d4 c4 16.Qd2 exd4
17.Nxd4 Nxd4 18.Bxd4 Bxd4 19.Qxd4 Be6 20.Rcd1 Rfd8 21.Ne3 Qe7 22.Nf5 Bxf5
23.exf5 Qf6 24.g4 Qxd4 25.Rxd4 Ng7 26.Re7 gxf5 27.gxf5 Ne8 28.Ra7 Ra8 29.Rb7 Rab8
30.Be4 Rxb7 31.Bxb7 Nc7 32.Rg4+ Kf8 33.Kg2 d5 34.Rh4 Rb8 35.Bc6 Rb6 36.Bd7 Ke7
37.Bc8 Kd8 38.Rxh7 Kxc8 39.Rxf7 b4 40.Kf3 bxc3 41.bxc3 d4 42.cxd4 c3 43.Ke2 c2
44.Kd2 Rc6 45.Kc1 Nd5 46.Rf8+ Kd7 47.Rf7+ Ke8  0-1